A basic guide to exporting
Furkejuvvon:
| Materiálatiipa: | Girji |
|---|---|
| Giella: | eaŋgalasgiella |
| Almmustuhtton: |
Washington, D.C
Department of Commerce
1976
|
| Fáttát: | |
| Fáddágilkorat: |
Lasit fáddágilkoriid
Eai fáddágilkorat, Lasit vuosttaš fáddágilkora!
|
MARC
| LEADER | 00000nam a2200000 a 4500 | ||
|---|---|---|---|
| 001 | UCV3737 | ||
| 003 | CL-VaPUC | ||
| 008 | 910816e19760000US |||||||||||||||||eng|d | ||
| 082 | 0 | 4 | |a 382.6009 |b BAS |2 21 |
| 245 | 1 | 2 | |a A basic guide to exporting |
| 300 | |a 63 p | ||
| 942 | |c BK | ||
| 945 | |d 19910816 00:00:00 | ||
| 260 | |a Washington, D.C |b Department of Commerce |c 1976 | ||
| 650 | 7 | |a EXPORTACIONES |2 CL-VaPUC |9 255382 | |
| 650 | 7 | |a DIRECTORIOS |2 CL-VaPUC |9 257460 | |
| 650 | 0 | |a Comercio exterior |9 257617 | |
| 651 | 0 | |a Estados Unidos |9 255178 | |
| 583 | |a last modification |c 20120409 09:58:59 |k Rodrigo Vera | ||
| 999 | |c 210875 |d 210873 | ||
| 952 | |0 0 |1 0 |4 0 |6 382_600900000000000_BAS_1976 |7 0 |8 A |9 187816 |a BIBALI |b BIBALI |c GEN |d 2019-11-14 |i 2553406 |o 382.6009 BAS 1976 |p 2553406 |r 2025-01-20 |w 2019-11-14 |y BK |k ALI | ||